000 00618cam7a220021700 4500
001 zam00002906
008 951128s1969 xx eng u
035 _a(Sirsi) r20243
035 _a(MACHINE)SLC.
100 _aMaguire, G. A.
_6A81521.1
245 1 0 _aTowards 'Uhuru' in Tanzania.
260 _c1969.
949 _aJQ3519.S83
_wlcc
_mMAIN
_p2500
_tSHORTLOAN
_lSHORTLOAN
004 20243
591 _aClass code: PL 110.
591 _aCourse: Introduction to government and politics.
591 _aSchool: S05.
591 _aLecturer: Dr. LAWSON, L.A.
591 _aNumber of Students: 170.
909 _aBook
999 _c8431
_d8431